000 00274nam a2200109Ia 4500
008 171211s9999 xx 000 0 und d
245 _aMaking the News
245 _cRon Nessen
260 _c2011
650 _xHistory
856 _uhttp://down.ebook777.com/064/0819571563.pdf
999 _c348799
_d348799